[Event "SVK-chT2C 1718"]
[Site "Slovakia"]
[Date "2017.10.29"]
[Round "2.3"]
[White "Turcan, Richard"]
[Black "Kostelny, Jozef"]
[Result "0-1"]
[WhiteElo "2067"]
[BlackElo "2188"]
[PlyCount "66"]
[EventDate "2017.10.28"]
[EventType "team-tourn"]
[EventRounds "11"]
[EventCountry "SVK"]
[SourceTitle "CBM 181 Extra"]
[Source "ChessBase"]
[SourceDate "2017.12.12"]
[SourceVersion "1"]
[SourceVersionDate "2017.12.12"]
[SourceQuality "1"]
[WhiteTeam "Banska Bystrica Veza"]
[BlackTeam "Zilina Mladost II"]
[WhiteTeamCountry "SVK"]
[BlackTeamCountry "SVK"]

1. d4 Nf6 2. c4 g6 3. Nc3 Bg7 4. e4 0-0 5. Nf3 d6 6. Be2 Na6 7. 0-0 e5 8. Qc2 Nh5 9. Rd1 Qe8 10. dxe5 dxe5 11. Be3 c6 12. c5 Nf4 13. Bxa6 bxa6 14. Ne2 f5 15. Ng3 Nxg2 16. Kxg2 f4 17. Nf1 fxe3 18. Nxe3 Qf7 19. Ng1 Qf4 20. Rd2 Qh4 21. Kh1 Bh6 22. Ng2 Qf6 23. Rd6 Qxf2 24. Qb3+ Qf7 25. Rxc6 Bb7 26. Re6 Bxe4 27. Rxe5 Bc6 28. Qxf7+ Rxf7 29. Ne2 Rf2 30. Rg1 Rd8 31. Re6 Bd5 32. Re5 Bf3 33. c6 Rxe2 0-1

[Event "SVK-chT1E 1617"]
[Site "Slovakia"]
[Date "2017.01.22"]
[Round "7.4"]
[White "Kostelny, Jozef"]
[Black "Balazs, Attila"]
[Result "1-0"]
[WhiteElo "2200"]
[BlackElo "2025"]
[PlyCount "67"]
[EventDate "2016.10.15"]
[EventType "team-tourn"]
[EventRounds "11"]
[EventCountry "SVK"]
[SourceTitle "EXT 2018"]
[Source "ChessBase"]
[SourceDate "2017.10.13"]
[SourceVersion "1"]
[SourceVersionDate "2017.10.13"]
[SourceQuality "1"]
[WhiteTeam "Zilina Mladost"]
[BlackTeam "Jelsava Magnezit"]
[WhiteTeamCountry "SVK"]
[BlackTeamCountry "SVK"]

1. d4 Nf6 2. Nf3 e6 3. g3 b5 4. Bg2 Bb7 5. 0-0 Be7 6. a4 bxa4 7. c4 c5 8. d5 exd5 9. Nh4 0-0 10. cxd5 d6 11. Nf5 Re8 12. Nxe7+ Qxe7 13. Nc3 Na6 14. Bf3 Nd7 15. Rxa4 Nb4 16. h3 a5 17. Ra1 Nb6 18. Bf4 g5 19. Bc1 f5 20. Qd2 h6 21. b3 Qf7 22. Rd1 Rf8 23. Bb2 Qg6 24. Nb5 Bxd5 25. Qc3 Kh7 26. Bh5 Qg8 27. Nxd6 Bxb3 28. Qxc5 Na4 29. Qc7+ Rf7 30. Nxf7 Nxb2 31. Ne5+ Qg7 32. Rd7 Rg8 33. Rxg7+ Rxg7 34. Qd8 1-0

[Event "SVK-chT1E 1617"]
[Site "Slovakia"]
[Date "2016.11.20"]
[Round "4.5"]
[White "Kostelny, Jozef"]
[Black "Hros, Roman"]
[Result "0-1"]
[WhiteElo "2200"]
[BlackElo "2188"]
[PlyCount "108"]
[EventDate "2016.10.15"]
[EventType "team-tourn"]
[EventRounds "11"]
[EventCountry "SVK"]
[SourceTitle "EXT 2018"]
[Source "ChessBase"]
[SourceDate "2017.10.13"]
[SourceVersion "1"]
[SourceVersionDate "2017.10.13"]
[SourceQuality "1"]
[WhiteTeam "Zilina Mladost"]
[BlackTeam "Liptov Chess School II"]
[WhiteTeamCountry "SVK"]
[BlackTeamCountry "SVK"]

1. d4 Nf6 2. c4 c5 3. d5 e6 4. Nc3 exd5 5. cxd5 Bd6 6. g3 Bc7 7. Bg2 d6 8. Nf3 0-0 9. 0-0 a6 10. a4 Re8 11. Nd2 Nbd7 12. h3 Rb8 13. g4 b5 14. axb5 axb5 15. e4 Ne5 16. Nb3 Ng6 17. g5 b4 18. gxf6 bxc3 19. fxg7 cxb2 20. Bxb2 c4 21. Nd2 Rxb2 22. Nxc4 Rb4 23. Rc1 Rxc4 24. Rxc4 Ba6 25. Qa4 Bxc4 26. Qxc4 Bb6 27. Kh2 Kxg7 28. f4 Qc7 29. Qb3 Rg8 30. Qb2+ f6 31. Rb1 Be3 32. f5 Bf4+ 33. Kh1 Nh4 34. Bf1 Kh8 35. Qxf6+ Qg7 36. Qxg7+ Kxg7 37. Rb7+ Kh6 38. Be2 Rg7 39. Rb1 Be5 40. Rf1 Bf6 41. Rc1 Rg3 42. Bg4 Kg5 43. Rc6 Be5 44. f6 Kxf6 45. Rc7 Rc3 46. Rc6 Kg5 47. Kg1 Kf4 48. Kf2 Kxe4 49. Be6 Rxc6 50. dxc6 d5 51. Ke2 Kd4 52. Kd2 Kc5 53. Bd7 Nf3+ 54. Kd3 Nd4 0-1

[Event "SVK-chT1E 1516"]
[Site "Slovakia"]
[Date "2016.03.20"]
[Round "11.5"]
[White "Kostelny, Jozef"]
[Black "Istona, Martin"]
[Result "1-0"]
[WhiteElo "2213"]
[BlackElo "2166"]
[PlyCount "123"]
[EventDate "2015.10.24"]
[EventType "team-tourn"]
[EventRounds "11"]
[EventCountry "SVK"]
[SourceTitle "EXT 2017"]
[Source "ChessBase"]
[SourceDate "2016.10.25"]
[SourceVersion "1"]
[SourceVersionDate "2016.10.25"]
[SourceQuality "1"]
[WhiteTeam "Zilina Mladost"]
[BlackTeam "Sabinov"]
[WhiteTeamCountry "SVK"]
[BlackTeamCountry "SVK"]

1. d4 Nf6 2. c4 g6 3. Nc3 Bg7 4. e4 d6 5. Nf3 0-0 6. Be2 e5 7. d5 a5 8. Bg5 h6 9. Bh4 Na6 10. Nd2 Qe8 11. Qc2 Bd7 12. 0-0 Nh7 13. b3 h5 14. f3 Bh6 15. Bf2 Qe7 16. a3 h4 17. Rab1 Bf4 18. Kh1 Qg5 19. Rfd1 f5 20. b4 axb4 21. axb4 Nf6 22. Bd3 Nh5 23. Nf1 Ng3+ 24. Kg1 Nxf1 25. Bxf1 Be3 26. Re1 Bxf2+ 27. Qxf2 b6 28. Bd3 f4 29. Kh1 h3 30. Rg1 Qh5 31. Be2 hxg2+ 32. Qxg2 Kf7 33. Qf2 Rh8 34. Rb2 Nb8 35. Nb5 Bxb5 36. cxb5 Nd7 37. Rc1 Ra7 38. Rbc2 Rc8 39. Bf1 Nf6 40. Bg2 Ne8 41. Qf1 Rca8 42. Bh3 Ke7 43. Bg4 Qh4 44. Be6 Ra2 45. Qg2 Rxc2 46. Qxc2 Ra7 47. Rg1 Qh5 48. Qf2 Ra3 49. Bg4 Qh6 50. h3 Nf6 51. Be6 Qh5 52. Kg2 Qg5+ 53. Kh2 Qh5 54. Qc2 Qxf3 55. Qxc7+ Ke8 56. Qf7+ Kd8 57. Qxf6+ Kc7 58. Rc1+ Rc3 59. Qe7+ Kb8 60. Qxd6+ Kb7 61. Qd7+ Kb8 62. Qd8+ 1-0